| 000 | 00420nam a2200121Ia 4500 | ||
|---|---|---|---|
| 008 | 171212s9999 xx 000 0 und d | ||
| 020 | _a9781783743186 | ||
| 245 |
_ceditor Merolla, Daniela;Turin, Mark _aSearching for Sharing _bHeritage and Multimedia in Africa |
||
| 260 |
_bOpen Book Publishers _c2017 |
||
| 440 | _aWorld Oral Literature Series | ||
| 650 | _aAnthropology | ||
| 856 | _uhttp://jstor.org/stable/j.ctt1sq5v1h | ||
| 999 |
_c351591 _d351591 |
||